Real Madrid - Les Joueurs les plus Titrés - Statistiques

Statistiques générales
  • Ce quiz a été pris 646 fois
  • Le résultat moyen est 9 sur 14
Statistiques - réponses
Rang Nombre de Trophée Période Nationalité Joueurs % Correct
3. 25 2009-2023 France Karim Benzema
97%
1. 26 2012- Croatie Luka Modric
97%
7 23 2014-2024 Allemagne Toni Kroos
90%
3. 25 2007-2022 Brésil Marcelo
88%
5 25 2013- Espagne Dani Carvajal
83%
8 22 2005-2021 Espagne Sergio Ramos
83%
11. 18 2011-2021 France Raphaël Varane
76%
11. 18 1999-2015 Espagne Iker Casillas
67%
1. 26 2012- Espagne Nacho Fernandez
66%
11. 18 1953-1964 Argentine / Espagne Alfredo Di Stefano
64%
9. 21 2015- Espagne Lucas Vazquez
41%
6 24 1953-1971 Espagne Paco Gento
24%
9. 21 1983-2001 Espagne Manuel Sanchis
7%
11. 18 1974-1989 Espagne José Antonio Camacho
3%
Aucun quiz correspondant
Distribution des résultats
% des personnes avec chaque résultat
Percentile par nombre de réponses
Votre historique - résultats
Vous n’avez pas pris ce quiz